[Event "FIDE World Blitz 2013"]
[Site "Khanty-Mansiysk RUS"]
[Date "2013.06.10"]
[Round "17.27"]
[White "Gordievsky, Dmitry"]
[Black "Skatchkov, Pavel"]
[Result "1-0"]
[WhiteTitle "FM"]
[BlackTitle "GM"]
[WhiteElo "2474"]
[BlackElo "2486"]
[WhiteFideId "24112798"]
[BlackFideId "4121848"]
[EventDate "2013.06.09"]

1. d4 d5 2. c4 c6 3. e3 Nf6 4. Nc3 Bf5 5. cxd5 Nxd5 6. Nge2 e6 7. e4 Nxc3 8.
Nxc3 Bg6 9. Be3 Bb4 10. f3 Nd7 11. a3 Bxc3+ 12. bxc3 O-O 13. Bc4 Qa5 14. Qd2 Nb6
15. Be2 f5 16. exf5 exf5 17. c4 Qxd2+ 18. Kxd2 f4 19. Bf2 Rfe8 20. Rhe1 Rad8 21.
Kc3 Na4+ 22. Kb3 Nc5+ 23. dxc5 Rd2 24. Ra2 Rd7 25. Rd1 Rde7 26. Bf1 Bf7 27. Rad2
g5 28. Rd7 h5 29. Rxe7 Rxe7 30. Rd8+ Kg7 31. Bd4+ 1-0

[Event "FIDE World Blitz 2013"]
[Site "Khanty-Mansiysk RUS"]
[Date "2013.06.10"]
[Round "17.28"]
[White "Nadanian, Ashot"]
[Black "Sibriaev, Aleksandr"]
[Result "1-0"]
[WhiteTitle "IM"]
[BlackTitle "FM"]
[WhiteElo "2428"]
[BlackElo "2239"]
[WhiteFideId "13300393"]
[BlackFideId "4116070"]
[EventDate "2013.06.09"]

1. e4 c5 2. b3 e5 3. Bb2 d6 4. Bc4 Nf6 5. d3 Be7 6. Nc3 a6 7. a4 Nc6 8. Nge2 O-O
9. O-O Na5 10. Bd5 Nxd5 11. Nxd5 Nc6 12. f4 f5 13. fxe5 Nxe5 14. Ng3 fxe4 15.
Rxf8+ Bxf8 16. dxe4 Be6 17. a5 Rc8 18. Qd2 Qh4 19. Qf4 Qxf4 20. Nxf4 Bf7 21. Rd1
c4 22. Nf5 cxb3 23. cxb3 Rc2 24. Bd4 Bxb3 25. Rb1 Bc4 26. Rxb7 g6 27. Ne7+ Bxe7
28. Rxe7 Ra2 29. Bxe5 dxe5 30. Rxe5 Kf7 31. h4 Kf6 32. Rc5 Bb5 33. e5+ Kf5 34.
Nh3 Ra1+ 35. Kh2 Re1 36. g4+ Kxg4 37. e6 Rxe6 38. Rg5+ Kf3 39. Rg3+ Ke4 40. Ng5+
Kd5 41. Nxe6 Kxe6 42. Rg5 Kf6 43. Rxb5 axb5 44. a6 b4 45. a7 b3 46. a8=Q 1-0

[Event "FIDE World Blitz 2013"]
[Site "Khanty-Mansiysk RUS"]
[Date "2013.06.10"]
[Round "17.29"]
[White "Al-Sayed, Mohammed"]
[Black "Byambaa, Zulzaga"]
[Result "1-0"]
[WhiteTitle "GM"]
[BlackTitle "FM"]
[WhiteElo "2498"]
[BlackElo "2285"]
[WhiteFideId "12100196"]
[BlackFideId "4900642"]
[EventDate "2013.06.09"]

1. d4 Nf6 2. c4 g6 3. Nc3 d5 4. Nf3 Bg7 5. h4 O-O 6. cxd5 Nxd5 7. h5 c5 8. hxg6
hxg6 9. Bh6 Nxc3 10. bxc3 Bxh6 11. Rxh6 cxd4 12. cxd4 Qa5+ 13. Qd2 Qxd2+ 14.
Kxd2 Kg7 15. Rh4 Nc6 16. e3 Bd7 17. Rb1 b6 18. Bb5 Rad8 19. Rhh1 f6 20. Rhc1 Na5
21. Rc7 Bxb5 22. Rxe7+ Rf7 23. Rxf7+ Kxf7 24. Rxb5 Rc8 25. Rb1 Nc4+ 26. Kd3 Nd6
27. e4 Ke6 28. d5+ Kf7 29. Rh1 Kg7 30. Nd4 Rc4 31. Ne6+ Kg8 32. f3 Ra4 33. Rh6
Ra3+ 34. Kd4 Ra4+ 35. Kc3 Rxa2 36. Rxg6+ Kf7 37. Rg7+ Ke8 38. Nd4 a5 39. g4 a4
40. g5 Ra3+ 41. Kb4 Rd3 42. Ne6 a3 43. gxf6 Rxf3 44. Re7# 1-0

[Event "FIDE World Blitz 2013"]
[Site "Khanty-Mansiysk RUS"]
[Date "2013.06.10"]
[Round "17.30"]
[White "Akbaev, Kazbek"]
[Black "Kabanov, Nikolai"]
[Result "0-1"]
[WhiteTitle "IM"]
[BlackTitle "GM"]
[WhiteElo "2475"]
[BlackElo "2472"]
[WhiteFideId "4131045"]
[BlackFideId "4127820"]
[EventDate "2013.06.09"]

1. Nf3 g6 2. d4 Bg7 3. c4 d6 4. Bf4 Nc6 5. Nc3 Bg4 6. d5 Bxf3 7. exf3 Nd4 8. Bd3
c5 9. dxc6 bxc6 10. O-O Rb8 11. Qd2 Nf6 12. Rab1 O-O 13. Rfe1 e5 14. Bg5 Qc7 15.
f4 h6 16. Bxf6 Bxf6 17. fxe5 Bxe5 18. Qxh6 Rfe8 19. Ne4 Bg7 20. Qh3 Ne6 21. b3
d5 22. Nd2 Nf4 23. Qf3 Nxd3 24. Qxd3 dxc4 25. Nxc4 c5 26. g3 Bd4 27. Re4 Qc6 28.
Rbe1 Rxe4 29. Qxe4 Qf6 30. Re2 Kg7 31. h4 Rd8 32. Nd2 Bc3 33. Nf3 Rd1+ 34. Kg2
Ra1 35. Ng5 Bd4 36. Qf3 Qxf3+ 37. Kxf3 Rf1 38. Kg2 Ra1 39. Re7 Rxa2 40. Rxf7+
Kg8 41. Rxa7 Rxa7 42. Kf3 Rb7 43. Ke4 Rxb3 44. f4 Rxg3 45. Ne6 Bf2 46. f5 gxf5+
47. Kxf5 c4 48. Kf4 c3 0-1

[Event "FIDE World Blitz 2013"]
[Site "Khanty-Mansiysk RUS"]
[Date "2013.06.10"]
[Round "18.7"]
[White "Rublevsky, Sergei"]
[Black "Najer, Evgeniy"]
[Result "1/2-1/2"]
[WhiteTitle "GM"]
[BlackTitle "GM"]
[WhiteElo "2695"]
[BlackElo "2633"]
[WhiteFideId "4115309"]
[BlackFideId "4118987"]
[EventDate "2013.06.09"]

1. e4 e5 2. Bc4 Nf6 3. d3 Nc6 4. Nc3 Bb4 5. Ne2 Na5 6. O-O Nxc4 7. dxc4 O-O 8.
Bg5 Be7 9. Qd3 d6 10. Rad1 Be6 11. b3 Nd7 12. Bxe7 Qxe7 13. Qe3 f5 14. exf5 Rxf5
15. Nb5 Nb6 16. a4 Nc8 17. f4 a6 18. Nbc3 Nb6 19. fxe5 Rxe5 20. Qd2 Bg4 21. Rde1
Re8 22. Rf2 h6 23. h3 Bh5 24. a5 Nc8 25. Nd5 Qd8 26. Ndf4 Bf7 27. Ref1 c6 28.
Nd3 R5e7 29. Ng3 Bg6 30. Nf4 Bh7 31. Nfh5 Bg6 32. Qc3 Re5 33. Nf4 Bh7 34. Nd3
Rg5 35. Nf5 Bxf5 36. Rxf5 Rxf5 37. Rxf5 Ne7 38. Rf3 Ng6 39. Rg3 Kh7 40. Qd4 Re6
41. Qg4 Qe7 42. Kh2 Ne5 43. Qf5+ Kg8 44. Nf4 Rf6 45. Qc8+ Rf8 46. Qe6+ Qxe6 47.
Nxe6 Rf7 48. c5 dxc5 49. Nxc5 Kh7 50. Re3 Ng6 51. c4 Nh4 52. Re2 g5 53. Rd2 Kg6
54. Rd6+ Kg7 55. Rd7 Rxd7 56. Nxd7 Nf5 57. g4 Nd4 58. Nc5 Kf6 59. Kg3 Ke5 60.
Kf2 Kf4 61. b4 Nc2 62. Nxb7 Nxb4 63. Nc5 Ke5 64. Ke3 Kd6 65. Ne4+ Ke5 66. Nc5
Kd6 67. Ne4+ Ke5 68. Nc5 Kd6 69. Ne4+ 1/2-1/2

[Event "FIDE World Blitz 2013"]
[Site "Khanty-Mansiysk RUS"]
[Date "2013.06.10"]
[Round "18.13"]
[White "Riazantsev, Alexander"]
[Black "Moiseenko, Alexander"]
[Result "1-0"]
[WhiteTitle "GM"]
[BlackTitle "GM"]
[WhiteElo "2708"]
[BlackElo "2711"]
[WhiteFideId "4125029"]
[BlackFideId "14102560"]
[EventDate "2013.06.09"]

1. Nf3 Nf6 2. e3 g6 3. d4 Bg7 4. Be2 O-O 5. c4 c5 6. d5 e6 7. Nc3 exd5 8. cxd5
d6 9. O-O Re8 10. Nd2 Na6 11. Nc4 Nc7 12. a4 b6 13. Re1 Bb7 14. Bf3 Qe7 15. e4
Nd7 16. Bd2 Ne5 17. Nxe5 Bxe5 18. Be2 a6 19. Bf1 Rab8 20. Qc2 Bc8 21. h3 b5 22.
axb5 axb5 23. Ra7 b4 24. Nd1 Rb7 25. Rxb7 Bxb7 26. Ne3 Bd4 27. Nc4 Qf6 28. Be3
Nb5 29. Na5 Bxe3 30. Bxb5 Ra8 31. Nxb7 b3 32. Qe2 Bd4 33. Bc4 Qe7 34. Ba6 Qf6
35. Rf1 Bxb2 36. Na5 Rb8 37. Bc4 Rb4 38. Nxb3 Be5 39. Nd2 Rb2 40. Qd3 Bd4 41.
Nf3 Bc3 42. Rb1 Bb4 43. Rxb2 Qxb2 44. g3 h6 45. Kg2 Qc1 46. Qe2 Qc3 47. e5 dxe5
48. Nxe5 Ba5 49. d6 Qd4 50. Nxf7 1-0

[Event "FIDE World Blitz 2013"]
[Site "Khanty-Mansiysk RUS"]
[Date "2013.06.10"]
[Round "18.15"]
[White "Gundavaa, Bayarsaikhan"]
[Black "Sargissian, Gabriel"]
[Result "0-1"]
[WhiteTitle "GM"]
[BlackTitle "GM"]
[WhiteElo "2516"]
[BlackElo "2671"]
[WhiteFideId "4901045"]
[BlackFideId "13300881"]
[EventDate "2013.06.09"]

1. e4 g6 2. d4 Bg7 3. c4 d6 4. Nc3 Nc6 5. Be3 e5 6. d5 Nce7 7. Bd3 f5 8. f3 Nf6
9. Nge2 O-O 10. Qd2 fxe4 11. Nxe4 Nf5 12. Bg5 h6 13. Nxf6+ Rxf6 14. Bxf6 Qxf6
15. O-O Bd7 16. Rae1 h5 17. Nc3 Bh6 18. Qf2 b6 19. Ne4 Qg7 20. g4 Bf4 21. gxf5
gxf5+ 22. Kh1 fxe4 23. Rg1 exd3 24. Rxg7+ Kxg7 25. Rg1+ Kf7 26. Qg2 Rf8 27. Qg6+
Ke7 28. Qxd3 Bf5 29. Qe2 Bh6 30. h4 Bh7 31. Rg3 Rf4 32. Kg2 Rd4 33. Kf1 Bd3 0-1

[Event "FIDE World Blitz 2013"]
[Site "Khanty-Mansiysk RUS"]
[Date "2013.06.10"]
[Round "18.16"]
[White "Tkachiev, Vladislav"]
[Black "Pridorozhni, Aleksei"]
[Result "1-0"]
[WhiteTitle "GM"]
[BlackTitle "GM"]
[WhiteElo "2649"]
[BlackElo "2512"]
[WhiteFideId "618438"]
[BlackFideId "4127870"]
[EventDate "2013.06.09"]

1. d4 d6 2. g3 Nf6 3. Bg2 g6 4. c4 Bg7 5. Nc3 O-O 6. Nf3 c6 7. O-O Qb6 8. e3 Bg4
9. h3 Bxf3 10. Qxf3 e6 11. Rd1 d5 12. Qe2 Nbd7 13. b3 Rfe8 14. Bb2 Rad8 15. Rac1
Qa6 16. Bf1 Qb6 17. Qc2 h5 18. a3 Qc7 19. Bg2 Qb8 20. Ne2 Rc8 21. Nf4 b5 22.
cxb5 cxb5 23. Qe2 a6 24. Nd3 Bf8 25. Qe1 Rxc1 26. Rxc1 Rc8 27. Nc5 Qa8 28. Rc2
a5 29. Qc1 Kg7 30. e4 Nxc5 31. dxc5 dxe4 32. g4 hxg4 33. hxg4 Qd5 34. g5 Be7 35.
gxf6+ Bxf6 36. Bxf6+ Kxf6 37. Qf4+ Kg7 38. Qxe4 Qxb3 39. c6 Qxa3 40. Qd4+ Kg8
41. c7 Qe7 42. Qb6 b4 43. Qb7 Qd7 44. Qxc8+ Qxc8 45. Bb7 1-0

[Event "FIDE World Blitz 2013"]
[Site "Khanty-Mansiysk RUS"]
[Date "2013.06.10"]
[Round "18.17"]
[White "Ghaem Maghami, Ehsan"]
[Black "Potkin, Vladimir"]
[Result "1-0"]
[WhiteTitle "GM"]
[BlackTitle "GM"]
[WhiteElo "2554"]
[BlackElo "2647"]
[WhiteFideId "12500739"]
[BlackFideId "4131061"]
[EventDate "2013.06.09"]

1. d4 d5 2. Nf3 Nf6 3. Bg5 Ne4 4. Bf4 Bf5 5. e3 c6 6. Nfd2 Nd7 7. Nxe4 Bxe4 8.
Nd2 Bg6 9. c4 e6 10. Be2 Be7 11. O-O O-O 12. Qb3 Qc8 13. Rfc1 a5 14. Bd3 a4 15.
Qc2 Bxd3 16. Qxd3 Re8 17. Rd1 h6 18. Rac1 Nf6 19. h3 Qd8 20. c5 Nd7 21. e4 dxe4
22. Nxe4 Nf6 23. Nd6 Bxd6 24. Bxd6 Nd5 25. Qe4 Qg5 26. Re1 Ra5 27. Rc2 Rb5 28.
Rce2 a3 29. h4 Qf6 30. Rb1 axb2 31. Be5 Qe7 32. Qg4 f5 33. Qg3 Nc3 34. Qxc3 1-0

[Event "FIDE World Blitz 2013"]
[Site "Khanty-Mansiysk RUS"]
[Date "2013.06.10"]
[Round "18.18"]
[White "Rakhmanov, Aleksandr"]
[Black "Pasiev, Rakhim"]
[Result "1/2-1/2"]
[WhiteTitle "GM"]
[BlackTitle "IM"]
[WhiteElo "2602"]
[BlackElo "2384"]
[WhiteFideId "4173708"]
[BlackFideId "24122475"]
[EventDate "2013.06.09"]

1. c4 e5 2. Nf3 d6 3. d4 Nd7 4. b3 Ngf6 5. Bb2 e4 6. Nfd2 c6 7. e3 d5 8. Nc3 Bd6
9. f3 O-O 10. Be2 Re8 11. f4 Nf8 12. c5 Bc7 13. b4 Bd7 14. Nb3 Qc8 15. h3 Qd8
16. g4 h6 17. Qd2 Ng6 18. O-O-O a5 19. a3 axb4 20. axb4 b6 21. Kc2 bxc5 22. bxc5
Bxf4 23. exf4 e3 24. Qe1 Nxf4 25. Ra1 Rxa1 26. Qxa1 Ne4 27. Nxe4 Rxe4 28. Bf3
Re8 29. Nc1 Qh4 30. Ne2 Ne6 31. Qe1 Qd8 32. h4 Qc8 33. g5 Qa6 34. gxh6 g6 35.
Qc3 Bc8 36. Ra1 Qb7 37. Qb3 Qe7 38. Rh1 Nc7 39. Kc1 Ba6 40. Qc3 Bc4 41. Qc2 Nb5
42. h5 Qf6 43. hxg6 fxg6 44. Rg1 Kh7 45. Bh5 Rg8 46. Bxg6+ Kxh6 47. Rh1+ Kg5 48.
Rg1+ Kh6 49. Rh1+ Kg5 50. Bh7 Rg7 51. Rg1+ Kh6 52. Rxg7 Kxg7 53. Qf5 Qxf5 54.
Bxf5 Bxe2 55. Bd7 Na7 56. Kc2 Bb5 57. Bc1 e2 58. Kd2 Kf7 59. Bg4 Ke7 60. Ke1 Kd8
61. Bd2 Bc4 62. Ba5+ Ke7 63. Bc7 Nb5 64. Be5 Na3 65. Bxe2 Bxe2 66. Kxe2 Ke6 67.
Kf3 Kf5 68. Bh8 Nc2 69. Bg7 Nb4 70. Bh8 Na6 71. Be5 Nb4 72. Bh8 Nd3 73. Bg7 Nf4
74. Bh8 Ne6 75. Ke3 Kg4 76. Kd3 Kf3 77. Kc3 Ke3 78. Be5 Ke4 79. Bh8 Nc7 80. Kb4
Nb5 81. Ka5 Nxd4 82. Kb6 Ne6 1/2-1/2

[Event "FIDE World Blitz 2013"]
[Site "Khanty-Mansiysk RUS"]
[Date "2013.06.10"]
[Round "18.22"]
[White "Kobalia, Mikhail"]
[Black "Frolyanov, Dmitry"]
[Result "1/2-1/2"]
[WhiteTitle "GM"]
[BlackTitle "GM"]
[WhiteElo "2651"]
[BlackElo "2570"]
[WhiteFideId "4119150"]
[BlackFideId "4151976"]
[EventDate "2013.06.09"]

1. e4 e5 2. Nf3 Nf6 3. Nc3 Nc6 4. d4 exd4 5. Nxd4 Bb4 6. Nxc6 bxc6 7. Bd3 d5 8.
exd5 cxd5 9. O-O O-O 10. h3 c6 11. Qf3 Bd6 12. Re1 Rb8 13. b3 Qc7 14. Ne2 Be5
15. Rb1 c5 16. Bf4 Bb7 17. Qg3 Bxf4 18. Nxf4 c4 19. Bf5 Rfe8 20. Rxe8+ Rxe8 21.
bxc4 dxc4 22. Nh5 Qxg3 23. Nxf6+ gxf6 24. fxg3 Bc6 25. Kf2 Rd8 26. Re1 c3 27.
Bd3 Bd5 28. a3 Be6 29. Rb1 Rd5 30. Rb7 Ra5 31. Ke3 Rxa3 32. Kd4 a5 33. Ra7 a4
34. Bb5 Ra1 35. Rxa4 Rg1 36. Bc6 Bf5 37. Kxc3 Rc1 38. Ra2 Re1 39. Kd2 Re6 40.
Bf3 Rd6+ 41. Ke3 Kg7 42. c4 Rd3+ 43. Kf4 Be6 44. Rc2 Rd4+ 45. Ke3 Rxc4 46. Rxc4 1/2-1/2

[Event "FIDE World Blitz 2013"]
[Site "Khanty-Mansiysk RUS"]
[Date "2013.06.10"]
[Round "18.23"]
[White "Khairullin, Ildar"]
[Black "Bezgodov, Alexei"]
[Result "1/2-1/2"]
[WhiteTitle "GM"]
[BlackTitle "GM"]
[WhiteElo "2658"]
[BlackElo "2482"]
[WhiteFideId "4151348"]
[BlackFideId "4105257"]
[EventDate "2013.06.09"]

1. d4 d5 2. c4 dxc4 3. Nf3 a6 4. e3 b5 5. a4 Bb7 6. b3 e6 7. bxc4 Bb4+ 8. Bd2
Bxd2+ 9. Nbxd2 b4 10. Nb3 a5 11. Nc5 Bc6 12. Ne5 Ne7 13. Be2 O-O 14. O-O Qd6 15.
Qc2 Ra7 16. Rad1 Ba8 17. Ne4 Qd8 18. c5 Nd7 19. Nc4 Nd5 20. Bf3 N7f6 21. Nxf6+
Qxf6 22. Ne5 Rd8 23. Rc1 Nc3 24. Bxa8 Raxa8 25. Rfe1 Rd5 26. Nc4 Qg6 27. Qb3 Rg5
28. g3 Qd3 29. Kh1 Qe4+ 30. Kg1 Qd3 31. Kh1 h5 32. Ne5 Rxe5 33. dxe5 Qe4+ 34.
Kg1 Qxe5 35. Qc4 Rd8 36. Rc2 Qd5 37. Rxc3 bxc3 38. Qxc3 Qd2 1/2-1/2

[Event "FIDE World Blitz 2013"]
[Site "Khanty-Mansiysk RUS"]
[Date "2013.06.10"]
[Round "18.24"]
[White "Lagno, Kateryna"]
[Black "Vasquez Schroeder, Rodrigo"]
[Result "1-0"]
[WhiteTitle "GM"]
[BlackTitle "GM"]
[WhiteElo "2542"]
[BlackElo "2542"]
[WhiteFideId "14109336"]
[BlackFideId "3400042"]
[EventDate "2013.06.09"]

1. Nf3 c5 2. g3 Nc6 3. Bg2 e5 4. e4 g6 5. d3 Bg7 6. Nc3 Nge7 7. Nd2 d6 8. Nc4
Be6 9. Ne3 Qd7 10. Ncd5 O-O 11. O-O Bh3 12. c3 Bxg2 13. Kxg2 Kh8 14. h4 f5 15.
h5 f4 16. Qg4 Qxg4 17. Nxg4 gxh5 18. Nh2 fxg3 19. fxg3 Nxd5 20. exd5 Ne7 21. c4
Rxf1 22. Nxf1 Nf5 23. Ne3 Nd4 24. Bd2 Bf6 25. Bc3 Ne2 26. Nf5 Rd8 27. Rh1 h4 28.
Nxh4 Bxh4 29. Rxh4 Rg8 30. Kf3 Nxg3 31. Rh6 Nf5 32. Rf6 Rg3+ 33. Ke4 Nh4 34.
Rxd6 Kg8 35. Bxe5 Rg4+ 36. Ke3 Nf5+ 37. Kf3 Rh4 38. Rd7 b6 39. Rxa7 Rh1 40. d6
Rd1 41. Ke4 Nh6 42. Rg7+ Kf8 43. Rxh7 Nf7 44. d7 Re1+ 45. Kf4 Rf1+ 46. Kg3 Rg1+
47. Kf2 Rg8 48. Bd6+ 1-0

[Event "FIDE World Blitz 2013"]
[Site "Khanty-Mansiysk RUS"]
[Date "2013.06.10"]
[Round "18.25"]
[White "Cherniaev, Alexander"]
[Black "Khismatullin, Denis"]
[Result "0-1"]
[WhiteTitle "GM"]
[BlackTitle "GM"]
[WhiteElo "2447"]
[BlackElo "2658"]
[WhiteFideId "4117301"]
[BlackFideId "4142578"]
[EventDate "2013.06.09"]

1. e4 c5 2. f4 d5 3. exd5 Nf6 4. Nc3 Nxd5 5. Nxd5 Qxd5 6. Qf3 Qe6+ 7. Be2 Nc6 8.
c3 g6 9. Nh3 Bg7 10. O-O O-O 11. Ng5 Qd7 12. Bc4 b6 13. Qe2 Bb7 14. f5 Ne5 15.
fxg6 hxg6 16. d3 b5 17. Bb3 e6 18. Bc2 Rad8 19. Be3 Nxd3 20. Rad1 c4 21. Qg4 f6
22. Qxe6+ Qxe6 23. Nxe6 Rde8 24. Nxf8 Rxe3 25. Bxd3 cxd3 26. Nxg6 Bh6 27. Nf4
Be4 28. g3 Kf7 29. Rfe1 Rxe1+ 30. Rxe1 Bxf4 31. Rxe4 d2 32. Rxf4 d1=Q+ 33. Rf1
Qe2 34. Rf2 Qe1+ 35. Kg2 Kg6 36. a3 f5 37. Rf4 Kf6 38. Rf2 Ke5 39. Rf1 Qd2+ 40.
Rf2 Qd5+ 41. Kg1 Ke4 42. Re2+ Kf3 43. Rf2+ Ke3 44. h3 a5 45. g4 fxg4 46. hxg4 0-1

[Event "FIDE World Blitz 2013"]
[Site "Khanty-Mansiysk RUS"]
[Date "2013.06.10"]
[Round "18.26"]
[White "Ram, S. Krishnan"]
[Black "Potapov, Pavel"]
[Result "1-0"]
[BlackTitle "IM"]
[WhiteElo "2248"]
[BlackElo "2460"]
[WhiteFideId "5010519"]
[BlackFideId "4169786"]
[EventDate "2013.06.09"]

1. d4 d5 2. Nf3 Nf6 3. c4 c6 4. cxd5 cxd5 5. Nc3 a6 6. Bf4 Nc6 7. Rc1 e6 8. e3
Bd6 9. Bg3 O-O 10. a3 Ne4 11. Nxe4 dxe4 12. Nd2 f5 13. Nc4 Bxg3 14. hxg3 b5 15.
Nd2 Qd6 16. Qc2 Bd7 17. Qc5 Qxc5 18. Rxc5 Rac8 19. Nb3 Rfe8 20. Be2 e5 21. dxe5
Nxe5 22. Kd2 Rxc5 23. Nxc5 Rd8 24. Rc1 Bc8+ 25. Ke1 Kf7 26. f4 exf3 27. gxf3 Ke7
28. f4 Nd7 29. Nb3 Nb6 30. Nd4 Rd6 31. Rc7+ Bd7 32. Nxf5+ Ke6 33. Nxd6 Kxd6 34.
Rc1 Bc6 35. Kf2 Na4 36. b4 Nb6 37. Bf3 Nc4 38. Bxc6 Kxc6 39. g4 Kd5 40. g5 Ke4
41. Rh1 Nxa3 42. Rxh7 Nc2 43. Rxg7 Nxb4 44. Re7+ Kf5 45. Rf7+ Kg6 46. Rf6+ Kg7
47. Rb6 Nd3+ 48. Kg3 Nc5 49. f5 Kf7 50. Rc6 Nd3 51. Rc7+ Kf8 52. g6 Ne5 53. Kf4
Nd3+ 54. Ke4 1-0

[Event "FIDE World Blitz 2013"]
[Site "Khanty-Mansiysk RUS"]
[Date "2013.06.10"]
[Round "18.27"]
[White "Skatchkov, Pavel"]
[Black "Gordievsky, Dmitry"]
[Result "1/2-1/2"]
[WhiteTitle "GM"]
[BlackTitle "FM"]
[WhiteElo "2486"]
[BlackElo "2474"]
[WhiteFideId "4121848"]
[BlackFideId "24112798"]
[EventDate "2013.06.09"]

1. d4 Nf6 2. Nf3 e6 3. g3 c5 4. Bg2 cxd4 5. Nxd4 Nc6 6. O-O e5 7. Nxc6 dxc6 8.
Qxd8+ Kxd8 9. Nd2 Bc5 10. Nb3 Be7 11. f4 e4 12. h3 h5 13. Be3 Bf5 14. Nd4 g6 15.
Nxf5 gxf5 16. Bd4 Rg8 17. Kh2 Nd7 18. Rfd1 Kc7 19. e3 Bf6 20. h4 Bxd4 21. Rxd4
Nf6 22. Bh3 c5 23. Rd2 Rad8 24. Rad1 Ng4+ 25. Bxg4 fxg4 26. Kg2 b6 27. Kf2 Rxd2+
28. Rxd2 Rd8 29. Ke2 Rxd2+ 30. Kxd2 Kc6 31. Kc3 b5 32. b4 Kd5 33. Kb3 c4+ 34.
Kc3 f5 35. Kb2 Kc6 36. Kc3 Kd5 37. Kb2 Kc6 38. Kc3 1/2-1/2

[Event "FIDE World Blitz 2013"]
[Site "Khanty-Mansiysk RUS"]
[Date "2013.06.10"]
[Round "18.29"]
[White "Byambaa, Zulzaga"]
[Black "Al-Sayed, Mohammed"]
[Result "1-0"]
[WhiteTitle "FM"]
[BlackTitle "GM"]
[WhiteElo "2285"]
[BlackElo "2498"]
[WhiteFideId "4900642"]
[BlackFideId "12100196"]
[EventDate "2013.06.09"]

1. e4 c5 2. Nf3 d6 3. d4 cxd4 4. Nxd4 Nf6 5. Nc3 a6 6. Be2 Nbd7 7. O-O g6 8. Be3
Bg7 9. Qd2 O-O 10. a4 Qc7 11. a5 Nc5 12. f3 Rd8 13. Na4 Nxa4 14. Rxa4 d5 15. e5
Qxe5 16. Bf4 Qh5 17. g4 Qh3 18. Rf2 Bxg4 19. Bf1 Qh5 20. fxg4 Nxg4 21. Bg3 Nxf2
22. Qxf2 Qd1 23. Rb4 Rac8 24. c3 Rd7 25. Qe2 Qb1 26. Kg2 e5 27. Nf3 d4 28. Nxe5
dxc3 29. bxc3 Qd1 30. Nxd7 Qxd7 31. Qf3 Rxc3 32. Qxb7 Qe8 33. Qb8 Rc8 34. Qxc8
Qxc8 35. Rb8 Qxb8 36. Bxb8 Bd4 37. Bxa6 h5 38. Bb7 g5 39. a6 g4 40. a7 1-0

[Event "FIDE World Blitz 2013"]
[Site "Khanty-Mansiysk RUS"]
[Date "2013.06.10"]
[Round "18.30"]
[White "Kabanov, Nikolai"]
[Black "Akbaev, Kazbek"]
[Result "1-0"]
[WhiteTitle "GM"]
[BlackTitle "IM"]
[WhiteElo "2472"]
[BlackElo "2475"]
[WhiteFideId "4127820"]
[BlackFideId "4131045"]
[EventDate "2013.06.09"]

1. e4 e6 2. Nf3 d5 3. e5 c5 4. b4 f5 5. bxc5 Bxc5 6. d4 Be7 7. c3 Nc6 8. h3 Bd7
9. g4 Qa5 10. gxf5 exf5 11. Rg1 g6 12. Ng5 Bxg5 13. Bxg5 Nge7 14. Bg2 Be6 15.
Qd2 O-O-O 16. a4 Qa6 17. Bf1 Qb6 18. Na3 a6 19. Nb5 axb5 20. axb5 Kd7 21. bxc6+
bxc6 22. Bd3 Ra8 23. Ke2 f4 24. Rgb1 Qc7 25. Qxf4 Nf5 26. Bf6 Rhb8 27. Kf1 Rxa1
28. Rxa1 Ke8 29. Kg1 Qb7 30. Rb1 Qxb1+ 31. Bxb1 Rxb1+ 32. Kh2 Rb2 33. Bh4 Rc2
34. Qg5 Rxc3 35. Qf6 Rc2 1-0

[Event "FIDE World Blitz 2013"]
[Site "Khanty-Mansiysk RUS"]
[Date "2013.06.10"]
[Round "19.3"]
[White "Nepomniachtchi, Ian"]
[Black "Movsesian, Sergei"]
[Result "0-1"]
[WhiteTitle "GM"]
[BlackTitle "GM"]
[WhiteElo "2717"]
[BlackElo "2699"]
[WhiteFideId "4168119"]
[BlackFideId "310204"]
[EventDate "2013.06.09"]

1. e4 c5 2. Nf3 e6 3. Qe2 b6 4. g3 Bb7 5. Bg2 d6 6. O-O Nd7 7. d4 cxd4 8. Nxd4
a6 9. c4 Qc7 10. b3 Ngf6 11. Bb2 g6 12. Nc3 Bg7 13. Rad1 O-O 14. h3 Rfe8 15.
Rfe1 Rad8 16. Qe3 Qb8 17. g4 h6 18. Qg3 Nc5 19. b4 Ncd7 20. Nc2 Ne5 21. Ne3 g5
22. f4 gxf4 23. Qxf4 Qc7 24. Bf1 Ng6 25. Qf3 Nxe4 26. Nxe4 Bxb2 27. Qf2 Bxe4 28.
Qxb2 Ne5 29. Be2 d5 30. cxd5 exd5 31. Nf1 Qe7 32. Qc3 Rc8 33. Qg3 Qxb4 34. Qf4
Qf8 35. Ng3 Ng6 36. Qf2 Rc3 37. Nh5 Rxh3 38. Nf6+ Kh8 39. Nxe4 dxe4 40. Qxb6 Qe7
41. Qf2 e3 42. Qg2 Qh4 43. Rf1 Rg3 44. Rxf7 Rxg2+ 45. Kxg2 Rf8 46. Rxf8+ Nxf8
47. Rf1 Ne6 0-1

[Event "FIDE World Blitz 2013"]
[Site "Khanty-Mansiysk RUS"]
[Date "2013.06.10"]
[Round "19.5"]
[White "Mamedov, Rauf"]
[Black "Cheparinov, Ivan"]
[Result "1-0"]
[WhiteTitle "GM"]
[BlackTitle "GM"]
[WhiteElo "2637"]
[BlackElo "2678"]
[WhiteFideId "13401653"]
[BlackFideId "2905540"]
[EventDate "2013.06.09"]

1. e4 c5 2. g3 Nc6 3. Bg2 g6 4. c3 Bg7 5. Ne2 Nf6 6. d4 d6 7. dxc5 dxc5 8. Qxd8+
Kxd8 9. Be3 Nd7 10. Na3 a6 11. f4 b5 12. e5 Bb7 13. O-O Kc7 14. Nc2 e6 15. b4
Bf8 16. Rac1 Be7 17. c4 bxc4 18. bxc5 Bxc5 19. Bxc5 Nxc5 20. Ne3 Na5 21. Nxc4
Bxg2 22. Kxg2 Nab7 23. Nd6 Nxd6 24. Rxc5+ Kb6 25. Rc2 Nb5 26. a4 Rhc8 27. Rb2
Rc4 28. axb5 axb5 29. Rd1 Rac8 30. Kf3 b4 31. Rd7 Kb5 32. Rxf7 Ra8 33. Rb7+ Ka4
34. Ra2+ 1-0

[Event "FIDE World Blitz 2013"]
[Site "Khanty-Mansiysk RUS"]
[Date "2013.06.10"]
[Round "19.13"]
[White "Safarli, Eltaj"]
[Black "Vitiugov, Nikita"]
[Result "1-0"]
[WhiteTitle "GM"]
[BlackTitle "GM"]
[WhiteElo "2660"]
[BlackElo "2734"]
[WhiteFideId "13402129"]
[BlackFideId "4152956"]
[EventDate "2013.06.09"]

1. e4 e6 2. d4 d5 3. exd5 exd5 4. c4 Nf6 5. Nc3 Bb4 6. Bd3 O-O 7. Ne2 dxc4 8.
Bxc4 a6 9. O-O b5 10. Bb3 Bb7 11. Bg5 h6 12. Be3 Nbd7 13. Ng3 Nb6 14. Qc2 Nbd5
15. a3 Bxc3 16. bxc3 Re8 17. Rae1 Qd7 18. c4 bxc4 19. Qxc4 Bc6 20. Qc1 Bb5 21.
Bc4 Qc6 22. Be2 Qxc1 23. Bxc1 Bxe2 24. Rxe2 Rxe2 25. Nxe2 Rb8 26. h3 Rb3 27. Re1
a5 28. Ng3 Rb1 29. Bd2 Rxe1+ 30. Bxe1 a4 31. Kf1 Nb6 32. Bb4 Nfd5 33. Bc5 Nd7
34. Ne4 f5 35. Nd2 Kf7 36. Ke2 Ke6 37. g3 Nxc5 38. dxc5 Nc3+ 39. Kd3 Nb5 40. Kc4
Nxa3+ 41. Kb4 Nc2+ 42. Kxa4 Ne1 43. Kb5 Nd3 44. Kc6 g5 45. f3 h5 46. g4 hxg4 47.
hxg4 fxg4 48. fxg4 Ne5+ 49. Kxc7 Nxg4 50. Nf3 Nf6 51. Nxg5+ Kd5 52. c6 Ne8+ 53.
Kb6 Kd6 54. Ne4+ Ke7 55. Kb7 Kd8 56. Nf6 Nd6+ 57. Kb8 Nb5 58. Nd5 Nd6 59. c7+
Kd7 60. Nb6+ Kc6 61. Nc4 Kd5 1-0